NBA Award Winners of the Decade - Statistics

General Stats
  • This quiz has been taken 415 times
  • The average score is 34 of 60
Answer Stats
Year Answer % Correct
2013 LeBron James
100%
2012 LeBron James
100%
2010 LeBron James
100%
2019 Giannis Antetokounmpo
99%
2017 Giannis Antetokounmpo
99%
2016 Stephen Curry
99%
2015 Stephen Curry
99%
2018 James Harden
98%
2012 James Harden
98%
2017 Russell Westbrook
98%
2014 Kevin Durant
97%
2011 Derrick Rose
90%
2019 Rudy Gobert
86%
2018 Rudy Gobert
86%
2014 Michael Carter-Williams
76%
2018 Ben Simmons
74%
2016 Kawhi Leonard
73%
2015 Kawhi Leonard
73%
2019 Lou Williams
73%
2018 Lou Williams
73%
2015 Lou Williams
73%
2019 Luka Doncic
73%
2017 Draymond Green
68%
2011 Dwight Howard
65%
2010 Dwight Howard
65%
2015 Steve Kerr
64%
2013 Gregg Popovich
62%
2011 Gregg Popovich
62%
2016 Karl-Anthony Towns
62%
2012 Kyrie Irving
60%
2013 Marc Gasol
58%
2015 Andrew Wiggins
55%
2016 Jamal Crawford
55%
2014 Jamal Crawford
55%
2010 Jamal Crawford
55%
2011 Blake Griffin
54%
2014 Joakim Noah
54%
2013 Damian Lillard
51%
2017 Malcolm Brogdon
51%
2013 Paul George
41%
2012 Tyson Chandler
41%
2017 Erik Spoelstra
36%
2019 Pascal Siakam
34%
2010 Tyreke Evans
32%
2015 Jimmy Butler
31%
2019 Mike Budenholzer
31%
2014 Mike Budenholzer
31%
2018 Victor Oladipo
27%
2017 Eric Gordon
26%
2013 J.R. Smith
24%
2016 CJ McCollum
20%
2018 Dwane Casey
20%
2011 Kevin Love
20%
2016 Mike D'Antoni
19%
2010 Tom Thibodeau
16%
2012 George Karl
15%
2010 Aaron Brooks
12%
2011 Lamar Odom
12%
2014 Goran Dragic
11%
2012 Ryan Anderson
10%
No matching quizzes found
Score Distribution
Percent of People with Each Score
Percentile by Number Answered
Your Score History
You have not taken this quiz